Music Quiz

Random Music or Lyrics Quiz

Figure Out the Lyrics V Quiz Stats

 Plays Quiz Updated Mar 27, 2018

Score 0/142 Timer 06:00
8 Plays Today
% Correct
I
97.5%
I
97.5%
a
96.7%
the
93.2%
the
93.2%
the
93.2%
the
93.2%
the
93.2%
the
93.2%
the
93.2%
the
93.2%
the
93.2%
the
93.2%
you
89.6%
you
89.6%
L
89.1%
an
81.7%
an
81.7%
to
77.2%
to
77.2%
to
77.2%
to
77.2%
me
76.7%
me
76.7%
and
76%
and
76%
and
76%
And
76%
is
74.7%
is
74.7%
on
72.8%
on
72.8%
on
72.8%
in
72.4%
in
72.4%
go
67.9%
Go
67.9%
do
67.5%
for
65.6%
of
63.5%
of
63.5%
She
63%
So
61.3%
so
61.3%
So
61.3%
Your
60.4%
your
60.4%
your
60.4%
% Correct
her
58.6%
her
58.6%
her
58.6%
if
54.5%
if
54.5%
was
52.2%
they
52.2%
that
52%
all
50.5%
all
50.5%
with
49.5%
with
49.5%
don't
48.3%
don't
48.3%
don't
48.3%
see
47.1%
you're
46.5%
You're
46.5%
Get
46%
get
46%
Get
46%
now
45.6%
now
45.6%
not
44.8%
star
43.5%
star
43.5%
know
42.5%
but
41.4%
shape
41.1%
world
41%
forehead
40.2%
Hey
38.4%
Hey
38.4%
show
36.9%
Only
36.4%
finger
36%
rock
35.2%
thumb
35.1%
Fed
34.7%
game
34.6%
back
34.6%
kind
34.4%
Well
34.3%
dumb
34.2%
dumb
34.2%
never
33.8%
never
33.8%
looking
33.7%
% Correct
once
33.3%
told
33.3%
stop
33.1%
play
32.5%
much
32.1%
much
32.1%
gold
31.6%
Somebody
31.6%
shooting
30.9%
make
30.9%
ain't
30.8%
shed
30.6%
start
30.6%
tool
30.5%
gonna
30.4%
sharpest
30.4%
stars
30.3%
coming
30.2%
coming
30.2%
live
30.1%
glitters
30.1%
paid
29.8%
head
29.8%
running
29.8%
hit
29.6%
ground
29.1%
break
28.4%
You'll
27.8%
You'll
27.8%
moOOoold
26.9%
years
26.8%
wrong
25.8%
roll
25.6%
fun
24.8%
gets
24.7%
gets
24.7%
what's
24.4%
brain
24.2%
taking
24.1%
smart
23.7%
shine
23.3%
Didn't
23%
sense
22.5%
glow
21.5%
streets
20.5%
rules
17.6%

You're not logged in!

Compare scores with friends on all Sporcle quizzes.
OR
Log In

Show Comments

Extras

Top Quizzes Today


Score Distribution

Your Account Isn't Verified!

In order to create a playlist on Sporcle, you need to verify the email address you used during registration. Go to your Sporcle Settings to finish the process.

Report this User

Report this user for behavior that violates our Community Guidelines.

Details: